=LDR 00000nam 2200000 4500 =001 NUTBA000000000004115 =005 20140903093253.0 =006 =007 =008 =020 ##$$a 979-610-827-5 =035 ##$$a 0010-091400000000148 =040 ##$$a NBPDMAT =082 ##$$a 540.76 =084 ##$$a 540.76 Eka t =100 ##$$a Eka Anastria Endah Susilowati =245 ##$$a Terobosan baru...!!! panduang lengkap praktikum kimia SMA kelas X,XI,dan XII / $c Eka Anastria Endah Susilowati; penyunting,apicha =260 ##$$a Yogyakarta : $b Pustaka Widyatama, $c 2013 =300 ##$$a 160 hlm. : $b ilus. ; $c 25 cm. =500 ##$$a Bibliografi : hlm. 158 =650 ##$$a Kimia-SMA-soal,dsb =990 ##$$a 21410367 =990 ##$$a 0001/BPAP-NTB/20142014 =990 ##$$a 0001/BPAP-NTB/20142014 =990 ##$$a 0001/BPAP-NTB/20142014 =990 ##$$a 0001/BPAP-NTB/20142014 =990 ##$$a 0001/BPAP-NTB/20142014